[Event "II Weekend della Cipressina B"]
[Site "Venezia ITA"]
[Date "2013.12.01"]
[Round "4"]
[White "Daccico, Gianni"]
[Black "Grudina, Marco"]
[WhiteElo "1600"]
[BlackElo "1750"]
[Result "0-1"]
[PlyCount "80"]
[EventDate "2013.11.29"]

1. e4 e5 2. Nf3 Nc6 3. Bc4 Bc5 4. d3 d6 5. Bg5 Nf6 6. c3 a6 7. O-O O-O 8. Nbd2
Qe7 9. Re1 Be6 10. Bb3 Bb6 11. Nf1 Bxb3 12. axb3 h6 13. Be3 Bxe3 14. Rxe3 Nh5
15. N3d2 Nf4 16. Ng3 Qg5 17. Nf3 Qf6 18. Nf5 Kh7 19. Ne1 g6 20. Ng3 Qg7 21. Rf3
Ne6 22. Nh1 Ng5 23. Rg3 f5 24. Nf3 Nxf3+ 25. Rxf3 f4 26. g3 g5 27. g4 h5 28.
gxh5 g4 29. Kf1 gxf3 30. Qxf3 Rg8 31. Ke2 Qg4 32. Qxg4 Rxg4 33. f3 Rg2+ 34. Nf2
Rag8 35. b4 Rxh2 36. b5 axb5 37. Ra5 Nxa5 38. b4 Nc6 39. Ke1 Rg1+ 40. Ke2 Rgg2
0-1

[Event "II Weekend della Cipressina B"]
[Site "Venezia ITA"]
[Date "2013.12.01"]
[Round "4"]
[White "Miatto, Marco"]
[Black "Sangiorgi, Fabio"]
[WhiteElo "1579"]
[BlackElo "1643"]
[Result "1/2-1/2"]
[PlyCount "46"]
[EventDate "2013.11.29"]

1. e4 c6 2. d4 d5 3. e5 Bf5 4. Bd3 Bxd3 5. Qxd3 e6 6. c4 dxc4 7. Qxc4 Ne7 8.
Bg5 Qb6 9. b3 Nf5 10. Ne2 Bb4+ 11. Bd2 Bxd2+ 12. Nxd2 Nd7 13. O-O O-O 14. Ne4
Rfd8 15. Rfd1 Nf8 16. Qc5 Nd7 17. Qc4 Nf8 18. Rd2 Ng6 19. Rad1 Nge7 20. Qc5
Qxc5 21. Nxc5 b6 22. Ne4 Nd5 23. Rc1 Rac8 1/2-1/2

[Event "II Weekend della Cipressina B"]
[Site "Venezia ITA"]
[Date "2013.12.01"]
[Round "4"]
[White "Moretto, Gian Franco"]
[Black "Rizzo, Nicodemo"]
[WhiteElo "1371"]
[BlackElo "1586"]
[Result "0-1"]
[PlyCount "92"]
[EventDate "2013.11.29"]

1. e4 c6 2. b3 d5 3. e5 Bf5 4. d4 e6 5. Nf3 h6 6. Bd3 Bxd3 7. Qxd3 Ne7 8. Nh4
Nd7 9. Nc3 Ng6 10. Nf3 Bb4 11. Bd2 Ne7 12. a3 Ba5 13. b4 Bb6 14. Ne2 a6 15. O-O
Nf5 16. Ng3 Nxg3 17. fxg3 Qe7 18. Be3 Ba7 19. Rf2 O-O-O 20. c4 dxc4 21. Qxc4
Nb6 22. Qc2 Nd5 23. Qd3 Qd7 24. Rc2 Nxe3 25. Qxe3 Bxd4 26. Nxd4 Qxd4 27. Qxd4
Rxd4 28. Rc5 Rhd8 29. Rcc1 Re4 30. Rf1 Rd7 31. Rfe1 Rxe1+ 32. Rxe1 Kd8 33. h4
Ke7 34. Kh2 Rd3 35. a4 Ra3 36. b5 Rxa4 37. bxc6 bxc6 38. Rb1 Rd4 39. Rb6 a5 40.
Rb7+ Rd7 41. Rb6 Ra7 42. Rxc6 a4 43. Rc2 a3 44. Ra2 Kd7 45. Rd2+ Kc6 46. Rd6+
Kc5 0-1

[Event "II Weekend della Cipressina B"]
[Site "Venezia ITA"]
[Date "2013.12.01"]
[Round "4"]
[White "Onesto, Roberto"]
[Black "Gradari, Stefano"]
[WhiteElo "1546"]
[BlackElo "1676"]
[Result "1-0"]
[PlyCount "57"]
[EventDate "2013.11.29"]

1. d4 d5 2. Nf3 Nf6 3. g3 Bf5 4. Bg2 Nc6 5. e3 Qd7 6. O-O Bh3 7. Nbd2 Bxg2 8.
Kxg2 e6 9. b3 Be7 10. Bb2 h5 11. c4 O-O-O 12. c5 Rdg8 13. a3 g5 14. b4 g4 15.
Ne5 Nxe5 16. dxe5 Ne8 17. Qe2 h4 18. Rac1 c6 19. a4 Rh7 20. b5 Rgh8 21. Rh1 Rg8
22. Bd4 f6 23. bxc6 Qxc6 24. Qb5 Kc7 25. Nb3 a6 26. Qb6+ Kb8 27. Qxc6 bxc6 28.
Na5 h3+ 29. Kf1 1-0

[Event "II Weekend della Cipressina B"]
[Site "Venezia ITA"]
[Date "2013.12.01"]
[Round "4"]
[White "Pelyushenko, Vladyslav"]
[Black "Belloni, Umberto"]
[WhiteElo "1745"]
[BlackElo "1788"]
[Result "1/2-1/2"]
[PlyCount "112"]
[EventDate "2013.11.29"]

1. d4 d5 2. Nf3 c6 3. c4 e6 4. Nc3 Bd6 5. c5 Bc7 6. Bg5 f6 7. Bh4 Ne7 8. Bg3
O-O 9. e3 Bxg3 10. hxg3 b6 11. Qc2 h6 12. Bd3 bxc5 13. dxc5 e5 14. Qb3 Qa5 15.
e4 Nd7 16. Qc2 Nxc5 17. exd5 Nxd3+ 18. Qxd3 Ba6 19. Qd2 cxd5 20. O-O-O d4 21.
Nxd4 exd4 22. Qxd4 Rad8 23. Qe4 Qe5 24. Qa4 Bc8 25. Rde1 Qd6 26. Qxa7 Nc6 27.
Qe3 Ne5 28. Rd1 Qc7 29. Kb1 Rxd1+ 30. Rxd1 Rd8 31. Rc1 Qb7 32. Ne4 Bf5 33. f3
Nd3 34. Rc2 Qa6 35. Rd2 Qc4 36. Rc2 Qd4 37. Qxd4 Rxd4 38. Rd2 Rd7 39. a3 Bxe4
40. fxe4 Nc5 41. Rxd7 Nxd7 42. b4 Kf7 43. a4 Ke7 44. Kc2 Kd6 45. Kd3 Ne5+ 46.
Kd4 Nc6+ 47. Kc4 Ne5+ 48. Kc3 Kc6 49. Kd4 Kb6 50. Kd5 Ng4 51. Kd4 g5 52. Kd3
Nf2+ 53. Kd4 Nh1 54. e5 fxe5+ 55. Kxe5 Nxg3 56. Kf6 Nh5+ 1/2-1/2

[Event "II Weekend della Cipressina B"]
[Site "Venezia ITA"]
[Date "2013.12.01"]
[Round "4"]
[White "Schiera, Ignazio"]
[Black "Zanchi, Marco"]
[WhiteElo "1491"]
[BlackElo "1548"]
[Result "0-1"]
[PlyCount "128"]
[EventDate "2013.11.29"]

1. e4 Nc6 2. Nf3 e5 3. Bb5 a6 4. Ba4 d6 5. h3 Nf6 6. d3 Be7 7. c3 O-O 8. O-O b5
9. Bb3 d5 10. Nbd2 dxe4 11. Nxe4 Nxe4 12. dxe4 Bd6 13. Bg5 Qe8 14. Qd2 Be6 15.
Bc2 f6 16. Be3 Rd8 17. Qe2 Na5 18. b3 c5 19. a4 Nxb3 20. Bxb3 Bxb3 21. axb5
axb5 22. Rfe1 Ra8 23. Nh4 Be6 24. Rxa8 Qxa8 25. Qxb5 Qxe4 26. Nf3 Bxh3 27. Bxc5
Qg4 28. Nh4 Bxc5 29. Qxc5 Qxh4 30. Qd5+ Kh8 31. gxh3 Qxh3 32. Re3 Qg4+ 33. Rg3
Qf5 34. c4 Rb8 35. c5 h5 36. Qg2 g5 37. Rf3 Qe6 38. Re3 Qc4 39. c6 Rc8 40. Qf3
Qg4+ 41. Qxg4 hxg4 42. Rc3 Kg7 43. Kg2 Kf7 44. Kg3 f5 45. f3 gxf3 46. Kxf3 Ke6
47. Rc5 Kd6 48. Rc1 Rxc6 49. Rg1 g4+ 50. Ke3 Rc3+ 51. Kf2 Ke6 52. Ra1 Rd3 53.
Ke2 Rd6 54. Ke3 Kf6 55. Rh1 Kg5 56. Rh8 Rg6 57. Re8 e4 58. Rh8 Rh6 59. Rg8+ Rg6
60. Rh8 g3 61. Rh1 Kf6 62. Kf4 Rg4+ 63. Ke3 Ke5 64. Rh8 g2 0-1

[Event "II Weekend della Cipressina B"]
[Site "Venezia ITA"]
[Date "2013.12.01"]
[Round "4"]
[White "Viviani, Tommaso"]
[Black "Rossi, Gianni"]
[WhiteElo "1579"]
[BlackElo "1789"]
[Result "1-0"]
[PlyCount "75"]
[EventDate "2013.11.29"]

1. e4 Nf6 2. Nc3 e5 3. Nf3 Nc6 4. d4 Bb4 5. d5 Ne7 6. Bd3 d6 7. O-O Ng6 8. Bb5+
Bd7 9. Qd3 O-O 10. Bg5 c6 11. dxc6 bxc6 12. Bc4 h6 13. Bxf6 Qxf6 14. a3 Nf4 15.
Qd2 Bxc3 16. Qxc3 Qg6 17. g3 Be6 18. Rfe1 Nh3+ 19. Kg2 Qh5 20. Rad1 Rad8 21.
Re3 Bg4 22. Bf1 Ng5 23. Be2 f5 24. Nxg5 Bxe2 25. Rd2 Bf1+ 26. Kxf1 Qxg5 27.
Qxc6 f4 28. Red3 fxg3 29. hxg3 Rf6 30. Qd5+ Kh7 31. Kg2 Rdf8 32. Qa5 R8f7 33.
Rxd6 Rf4 34. Rd7 Qg4 35. Rxf7 Qf3+ 36. Kg1 Rxf7 37. Qxe5 Qg4 38. c4 1-0

[Event "II Weekend della Cipressina B"]
[Site "Venezia ITA"]
[Date "2013.12.01"]
[Round "5"]
[White "Belloni, Umberto"]
[Black "Gradari, Stefano"]
[WhiteElo "1788"]
[BlackElo "1676"]
[Result "1/2-1/2"]
[PlyCount "46"]
[EventDate "2013.11.29"]

1. d4 Nf6 2. Bg5 h6 3. Bf4 d5 4. c3 e6 5. e3 Nbd7 6. Bg3 c5 7. Nd2 Be7 8. Bd3
O-O 9. f4 Qb6 10. b3 cxd4 11. cxd4 Bb4 12. Bh4 Qd6 13. h3 Ne4 14. Ngf3 f5 15.
O-O Bxd2 16. Nxd2 Ndf6 17. Bxf6 Rxf6 18. Nf3 Bd7 19. Bxe4 fxe4 20. Ne5 Bb5 21.
Rf2 Rc8 22. Rc2 Rff8 23. Rac1 Bc6 1/2-1/2

[Event "II Weekend della Cipressina B"]
[Site "Venezia ITA"]
[Date "2013.12.01"]
[Round "5"]
[White "Dalla Palma, Giovanni"]
[Black "Guidobene, Davide"]
[WhiteElo "1724"]
[BlackElo "1767"]
[Result "0-1"]
[PlyCount "145"]
[EventDate "2013.11.29"]

1. e4 c5 2. c3 d5 3. exd5 Qxd5 4. Nf3 Nc6 5. d4 Bg4 6. Be2 cxd4 7. cxd4 e6 8.
O-O Nf6 9. h3 Bh5 10. Nc3 Qa5 11. Ne5 Bxe2 12. Nxc6 Qxc3 13. Qxe2 Qxc6 14. Bf4
Bd6 15. Rac1 Qd5 16. Be5 Bxe5 17. dxe5 Nd7 18. Rfd1 Qxe5 19. Qf3 Nc5 20. b4 Qe4
21. Rxc5 Qxf3 22. gxf3 Rd8 23. Rdc1 Ke7 24. R1c2 Rd1+ 25. Kg2 Rhd8 26. R5c4
R1d4 27. Rc7+ R8d7 28. a3 Rxc7 29. Rxc7+ Rd7 30. Rc3 Kf6 31. Rc4 Kf5 32. a4 e5
33. Kg3 g5 34. Re4 f6 35. b5 b6 36. Rc4 h5 37. a5 h4+ 38. Kg2 bxa5 39. Ra4 Rc7
40. Rxa5 Rb7 41. Kh2 Kf4 42. Kg2 f5 43. Ra4+ e4 44. fxe4 fxe4 45. f3 Rxb5 46.
Rxe4+ Kf5 47. Ra4 a5 48. Kf2 Re5 49. Rc4 Ke6 50. Rc8 Kd6 51. Ra8 Kc6 52. Rd8
Kb5 53. Rb8+ Kc4 54. Ra8 Kb3 55. Rb8+ Ka3 56. Rb7 a4 57. Rb8 Ka2 58. Rb7 a3 59.
Rb4 Ka1 60. Rb6 a2 61. f4 gxf4 62. Rb8 Re3 63. Kg2 Re2+ 64. Kf3 Rb2 65. Rg8 Rb4
66. Rg2 Rb2 67. Rg1+ Rb1 68. Rg2 Rc1 69. Rg8 Rc3+ 70. Kxf4 Kb2 71. Rg2+ Rc2 72.
Rg8 a1=Q 73. Rb8+ 0-1

[Event "II Weekend della Cipressina B"]
[Site "Venezia ITA"]
[Date "2013.12.01"]
[Round "5"]
[White "Grudina, Marco"]
[Black "Viviani, Tommaso"]
[WhiteElo "1750"]
[BlackElo "1579"]
[Result "1-0"]
[PlyCount "49"]
[EventDate "2013.11.29"]

1. e4 d6 2. d4 g6 3. Nc3 Nf6 4. Bg5 Bg7 5. e5 dxe5 6. dxe5 Qxd1+ 7. Rxd1 Nfd7
8. f4 O-O 9. Bxe7 Nc6 10. Bxf8 Bxf8 11. a3 Nb6 12. Nb5 Bg4 13. Nf3 Bf5 14. c3
Rc8 15. h3 Be6 16. Nbd4 Nxd4 17. Nxd4 Bd5 18. Rd2 a6 19. Rh2 Kg7 20. g3 Re8 21.
Bg2 f6 22. Bxd5 Nxd5 23. Nf5+ gxf5 24. Rxd5 Bd6 25. Re2 1-0

[Event "II Weekend della Cipressina B"]
[Site "Venezia ITA"]
[Date "2013.12.01"]
[Round "5"]
[White "Onesto, Roberto"]
[Black "Barato, Giuseppe"]
[WhiteElo "1546"]
[BlackElo "1692"]
[Result "1/2-1/2"]
[PlyCount "68"]
[EventDate "2013.11.29"]

1. d4 e6 2. Nf3 d5 3. Bg5 Nf6 4. e3 h6 5. Bh4 Nbd7 6. Bd3 c5 7. c3 c4 8. Bc2
Bd6 9. Nbd2 b5 10. e4 dxe4 11. Nxe4 Be7 12. O-O Bb7 13. Re1 O-O 14. Qe2 Nd5 15.
Bg3 N7f6 16. Rad1 Rc8 17. h3 Bc6 18. a3 Nxe4 19. Bxe4 Bf6 20. Bb1 Ne7 21. Ne5
Bd5 22. Qc2 g6 23. Bf4 Bg7 24. Qd2 Kh7 25. Ng4 Nf5 26. Bxf5 gxf5 27. Ne3 Be4
28. Nf1 Qd7 29. Ng3 Bd5 30. Nh5 f6 31. Re3 Rf7 32. Rg3 Bf8 33. Re3 Bd6 34. Rg3
Bf8 1/2-1/2

[Event "II Weekend della Cipressina B"]
[Site "Venezia ITA"]
[Date "2013.12.01"]
[Round "5"]
[White "Rizzo, Nicodemo"]
[Black "Sangiorgi, Raphael"]
[WhiteElo "1586"]
[BlackElo "1512"]
[Result "1/2-1/2"]
[PlyCount "107"]
[EventDate "2013.11.29"]

1. d4 d5 2. c4 e6 3. e3 c6 4. Nf3 Nd7 5. Nc3 Ngf6 6. Be2 dxc4 7. Bxc4 b5 8. Bd3
Bb7 9. a3 a6 10. Bd2 Bd6 11. b4 O-O 12. O-O Qc7 13. h3 Rfe8 14. Ne4 Nxe4 15.
Bxe4 Nf6 16. Bd3 e5 17. dxe5 Bxe5 18. Nxe5 Qxe5 19. Rc1 Rad8 20. Bb1 Ne4 21.
Bxe4 Qxe4 22. Qc2 Qd3 23. Bc3 Qxc2 24. Rxc2 Rd3 25. Rfc1 f6 26. Rd2 Rxd2 27.
Bxd2 Rd8 28. Bc3 Rd3 29. Kf1 Kf7 30. Ke2 Rd5 31. g3 c5 32. bxc5 Rxc5 33. Bb2
Rxc1 34. Bxc1 Ke6 35. Kd3 Kd6 36. Kd4 f5 37. h4 h5 38. f4 g6 39. Bd2 Bd5 40.
Bb4+ Ke6 41. Kc5 Bb7 42. Kb6 Bc8 43. Kc7 Bd7 44. Kb7 a5 45. Bxa5 Be8 46. Kc7
Kd5 47. Kd8 Bc6 48. Ke7 Kc4 49. Kf7 Bf3 50. Kxg6 Bg4 51. Kf6 Kd3 52. Ke5 Kxe3
53. Kd5 Kf2 54. Bd8 1/2-1/2

[Event "II Weekend della Cipressina B"]
[Site "Venezia ITA"]
[Date "2013.12.01"]
[Round "5"]
[White "Rossi, Gianni"]
[Black "Schiera, Ignazio"]
[WhiteElo "1789"]
[BlackElo "1491"]
[Result "1-0"]
[PlyCount "62"]
[EventDate "2013.11.29"]

1. d4 Nf6 2. f3 b6 3. e4 e6 4. c4 Ba6 5. Nc3 Nc6 6. Be3 Bb4 7. Bd3 Bxc3+ 8.
bxc3 Na5 9. Qe2 Qc8 10. Nh3 h6 11. O-O Qb7 12. e5 Ng8 13. Nf4 Qc6 14. Be4 Qxc4
15. Qxc4 Bxc4 16. Bxa8 Bxf1 17. Kxf1 c6 18. Nh5 g5 19. Ng3 Ne7 20. Ne4 Nd5 21.
Bd2 Kd8 22. c4 Nxc4 23. Bb7 b5 24. Ke1 Kc7 25. Nc5 Rb8 26. Na6+ Kxb7 27. Nxb8
Kxb8 28. h4 Ne7 29. hxg5 hxg5 30. g4 a5 31. Bxg5 Nb2 1-0

[Event "II Weekend della Cipressina B"]
[Site "Venezia ITA"]
[Date "2013.12.01"]
[Round "5"]
[White "Sangiorgi, Fabio"]
[Black "Moretto, Gian Franco"]
[WhiteElo "1643"]
[BlackElo "1371"]
[Result "1-0"]
[PlyCount "81"]
[EventDate "2013.11.29"]

1. e4 e5 2. Nf3 Nc6 3. Bc4 Nf6 4. d4 exd4 5. O-O d6 6. Nxd4 Be7 7. Nc3 O-O 8.
f4 Bg4 9. Nf3 a6 10. a4 Na5 11. Ba2 b6 12. Be3 Qc8 13. Qe1 Qb7 14. Nd5 Nxd5 15.
Bxd5 c6 16. Ba2 Qc7 17. Qg3 Be6 18. Bxe6 fxe6 19. Qh3 Qc8 20. b3 c5 21. Ng5
Bxg5 22. fxg5 Rxf1+ 23. Rxf1 e5 24. Qg3 Qe6 25. h4 Rf8 26. Rxf8+ Kxf8 27. h5
Kg8 28. g6 h6 29. Qh4 Nc6 30. g4 b5 31. axb5 axb5 32. g5 Nd4 33. Bxd4 cxd4 34.
gxh6 gxh6 35. Qd8+ Kg7 36. Qc7+ Kf6 37. Qd8+ Qe7 38. Qxe7+ Kxe7 39. Kf2 Kf6 40.
Ke2 Kg7 41. Kd3 1-0

[Event "II Weekend della Cipressina B"]
[Site "Venezia ITA"]
[Date "2013.12.01"]
[Round "5"]
[White "Tosello, Edoardo"]
[Black "Roverato, Franco"]
[WhiteElo "1419"]
[BlackElo "1661"]
[Result "0-1"]
[PlyCount "84"]
[EventDate "2013.11.29"]

1. d4 Nf6 2. c4 c5 3. Nf3 e6 4. e3 g6 5. Nc3 Bg7 6. Be2 a6 7. O-O Qc7 8. Qc2 d6
9. Re1 Nc6 10. a3 O-O 11. dxc5 dxc5 12. e4 Bd7 13. Be3 b6 14. Nd2 Nd4 15. Bxd4
cxd4 16. Na2 a5 17. Nc1 Rfc8 18. Nd3 e5 19. Bf1 Be6 20. Rac1 Nd7 21. Qd1 Qd8
22. a4 Bh6 23. b3 Qe8 24. Ra1 f5 25. f3 Be3+ 26. Kh1 f4 27. Be2 g5 28. Nf1 Bf7
29. Nxe3 dxe3 30. g3 Rd8 31. g4 Nc5 32. Qc2 Ne6 33. Qb2 Nd4 34. Rad1 Nc6 35.
Qc3 Ra7 36. c5 bxc5 37. Nxc5 Rxd1 38. Rxd1 Nd4 39. Bb5 Qe7 40. Kg2 Rc7 41. Qxa5
Qxc5 42. b4 Qc2+ 0-1

[Event "II Weekend della Cipressina B"]
[Site "Venezia ITA"]
[Date "2013.12.01"]
[Round "5"]
[White "Zanchi, Marco"]
[Black "Pelyushenko, Vladyslav"]
[WhiteElo "1548"]
[BlackElo "1745"]
[Result "0-1"]
[PlyCount "58"]
[EventDate "2013.11.29"]

1. e4 c5 2. Nf3 d6 3. d4 cxd4 4. Nxd4 Nf6 5. Nc3 a6 6. Bg5 e6 7. f4 Be7 8. Qf3
O-O 9. O-O-O Qc7 10. g4 Nc6 11. Nxc6 bxc6 12. Bxf6 Bxf6 13. g5 Be7 14. Bd3 Rb8
15. h4 Qb6 16. b3 d5 17. f5 Ba3+ 18. Kb1 Qb4 19. Ne2 c5 20. c3 Qb6 21. exd5
exd5 22. c4 dxc4 23. Bxc4 Qb4 24. Qc3 Bxf5+ 25. Ka1 Bg4 26. Qxb4 Bxb4 27. Rd6
a5 28. Nf4 Bc3+ 29. Kb1 Be5 0-1